Pays du Saint-Empire romain germanique - Statistiques

Statistiques générales
  • Ce quiz a été pris 665 fois
  • Le résultat moyen est 13 sur 16
Statistiques - réponses
Pays du Saint - Empire romain % Correct
Allemagne
95%
Autriche
95%
Belgique
94%
France
94%
Italie
94%
Pologne
92%
Suisse
92%
Pays-bas
91%
Luxembourg
87%
République Tchèque
85%
Slovenie
82%
Liechtenstein
81%
Croatie
71%
Espagne
70%
Monaco
62%
Andorre
59%
Aucun quiz correspondant
Distribution des résultats
% des personnes avec chaque résultat
Percentile par nombre de réponses
Votre historique - résultats
Vous n’avez pas pris ce quiz